000 00494nam a2200181Ia 4500
999 _c28455
_d28455
003 OSt
005 20201120095422.0
008 190216s9999||||xx |||||||||||||| ||und||
020 _a9788171809257
040 _coclc
082 _a894.8123
_bSHA/A
100 _aShatrughnan
_96792
245 0 _aAsurapaksham /
_cShatrughnan
260 _bPoorna Pubs,
_aKozhikode:
_c2003.
300 _a100p
650 _aMalayalam
942 _cBK
_2ddc
_h894.8123
_iSHA/A
_k894.8123
_mSHA/A